000 00946nam a22003017a 4500
003 CHAP
005 20220329133719.0
008 971013s1993 r 00010 d
010 _a9851
011 _a10823
035 _a10061
040 _cCHAP
090 _aTesis
100 0 0 _aCaro Parra, Ubaldo Rafael.
_919253
245 _aTerminología técnica forestal
260 _aChapingo,Méx. :
_bEl autor,
_c1993
300 _a475 h.
502 _aTesis (Ing. Forestal con Orientación en Industrias) -- UACH. División de Ciencias Forestales
590 _aALEPH
_b10
_c20130110
_lUCH01
_h1225
590 _aBATCH-UPD
_b10
_c20130110
_lUCH01
_h2245
590 _aBATCH-UPD
_b10
_c20130410
_lUCH01
_h1539
590 _aBATCH-UPD
_b10
_c20130914
_lUCH01
_h0708
590 _aCONVERSION
_b10
_c20130109
_lUCH01
_h1306
650 1 4 _aBosques
_xTerminología.
_914399
901 _aBK
942 _cTESIS
949 _bBC
_cTES
_d-21430
_eTS1
_h26513
_i10061
_si
999 _c9851
_d9851